| 000 | 03341cam a22005414i 4500 | ||
|---|---|---|---|
| 003 | PE-LiUPU | ||
| 005 | 20250731172907.0 | ||
| 008 | 161127s2014 flua r 000 0 spa d | ||
| 020 | _a9789877012019 | ||
| 020 | _a9877012014 | ||
| 035 | _a(Sirsi) a166687 | ||
| 040 |
_aPE-LiUPU _bspa _cPE-LiUPU _erda |
||
| 082 | 0 | 4 |
_a248.5 _bJ13 2014 |
| 082 | 0 | 4 |
_a920.71 _bJ13 _221 |
| 100 | 1 |
_aJacobi Mangold, Yolanda, _eautor. |
|
| 245 | 1 | 0 |
_aÁfrica, tierra de milagros / _cYolanda Jacobi Mangold. |
| 264 | 1 |
_aFlorida : _bAsociación Casa Editora Sudamericana, _c2014 |
|
| 300 |
_a144 páginas : _bilustraciones ; _c21 centímetros |
||
| 336 |
_atext _2rdacontent |
||
| 337 |
_aunmediated _2rdamedia |
||
| 338 |
_avolume _2rdacarrier |
||
| 505 | 0 | _aCamino al África -- Encuentros y despedidas -- Por fin en Masanga, nuestro hogar -- Los rebeldes -- ¡Atacan al hospital! -- Aprendiendo a convivir -- ¡Noche de terror! -- Se acerca el Fin de Masanga -- La partida -- Aires de Libertad -- El segundo llamado -- El instituto de Misión en Andrews -- EL viaje de miles de kilómetros -- Rumbo a nuestro hogar -- La nueva vida en yuka -- La casa donde vivimos en yuka -- Comienzan los milagros -- Manos a la obra -- Nuestra comida -- Encuentros con cobras -- Nuestra querida Daysi -- Un gran milagro -- Los visitantes de loma linda -- La preparación de un bote -- LA renovación del hospital de yuka -- Jóvenes enviados por la Universidad Adventista del Plata -- LA construcción de la iglesia de Kakona -- La llegada de un contenedor y una despedida -- Travesía en el barro -- Lucha contra los depredadores -- La protección Divina -- Obra de amor por los enfermos -- Fiesta de despedida -- Tres grandes milagros. | |
| 526 | _aSEG42 | ||
| 526 | _aSEG41 | ||
| 526 | _aSEG40 | ||
| 526 | _aSEG39 | ||
| 526 | _aP94 | ||
| 526 | _aP87 | ||
| 526 | _aP86 | ||
| 526 | _aP85 | ||
| 526 | _aP77 | ||
| 526 | _aP76 | ||
| 526 | _aP35 | ||
| 541 | _g0800-0000074; | ||
| 600 | 1 | _aJacobi Mangold, Yolanda. | |
| 650 | 1 | 4 |
_aAdventistas del Séptimo Día _xMisiones _zÁfrica. |
| 650 | 2 | 4 |
_aMisioneros _zÁfrica _vBiografía. |
| 910 |
_ajck _bncf _cncf _d20170202 |
||
| 596 | _a1 4 | ||
| 942 |
_2ddc _cBOOK |
||
| 999 |
_a248.5 J13 2014 _wLC _c15422 _i75329 _d15422 _e2017-4-25 _f2021-11-10 _g5 _lCCODEBUL1 _mBUL _n2 _p6.72 _r0 _sY _tBOOK _u2017-2-2 _xTEOLOGIA _PP35 _0COMPRA _o.STAFF. Colección Teologia |
||
| 999 |
_a248.5 J13 2014 _wLC _c2 _i75330 _f2021-11-10 _g5 _lCCODEBUL1 _mBUL _p6.72 _r0 _sY _tBOOK _u2017-2-2 _xTEOLOGIA _PP35 _0COMPRA _o.STAFF. Colección Teologia |
||
| 999 |
_a248.5 J13 2014 _wLC _c3 _i75331 _d2017-5-8 _e2017-5-5 _f2021-11-10 _g5 _lCCODEBUL1 _mBUL _n1 _p6.72 _r0 _sY _tBOOK _u2017-2-2 _xTEOLOGIA _PP35 _0COMPRA _o.STAFF. Colección Teologia |
||
| 999 |
_a248.5 J13 2014 _wLC _c1 _iCW00363 _f2021-12-22 _g2 _lCCODECWL1 _mBWL _p6.00 _r0 _sY _tBOOK _u2017-4-24 _xWHITE _zUNKNOWN _0COMPRA _o.STAFF. Centro White |
||
| 999 |
_a248.5 J13 2014 _wLC _c2 _iCW00361 _f2021-12-22 _g2 _lCCODECWL1 _mBWL _p6.00 _r0 _sY _tBOOK _u2017-4-24 _xWHITE _zUNKNOWN _0COMPRA _o.STAFF. Centro White |
||
| 999 |
_a248.5 J13 2014 _wLC _c3 _iCW00362 _f2021-12-22 _g2 _lCCODECWL1 _mBWL _p6.00 _r0 _sY _tBOOK _u2017-4-24 _xWHITE _zUNKNOWN _0COMPRA _o.STAFF. Centro White |
||
| 980 |
_81 _gALBERTO SANCHEZ Responsable de Automatización |
||